书目信息 |
| 题名: |
模式识别
|
|
| 作者: | 边肇祺 , 张学工 编著 | |
| 分册: | ||
| 出版信息: | 北京 清华大学出版社 1999.12 |
|
| 页数: | 338页 | |
| 开本: | 16开 | |
| 丛书名: | 信息技术丛书 | |
| 单 册: | ||
| 中图分类: | O235 | |
| 科图分类: | ||
| 主题词: | 控制论--数学理论 , 信息论--数学理论 , 模式识别 | |
| 电子资源: | ||
| ISBN: | 7-302-01059-5 | |
| 000 | 00728nam0 2200265 45 | |
| 001 | 0110141567 | |
| 005 | 20031219104058.4 | |
| 010 | @a7-302-01059-5@dCNY25.00 | |
| 100 | @a20011014d1999 km y0chiy0120 ea | |
| 101 | 0 | @achi |
| 105 | @a z 000yy | |
| 200 | 1 | @a模式识别@AMo Shi Shi Bie@f边肇祺,张学工编著@FBian Zhao Qi,Zhang Xue Gong Bian Zhu |
| 205 | @a2版 | |
| 210 | @a北京@c清华大学出版社@d1999.12 | |
| 215 | @a338页@d16开 | |
| 225 | @a信息技术丛书 | |
| 410 | @12001 @a信息技术丛书 | |
| 606 | 0 | @a控制论@x数学理论 |
| 606 | 0 | @a信息论@x数学理论 |
| 606 | 0 | @a模式识别 |
| 690 | @aO235@v4 | |
| 701 | @a边肇祺@4编著 | |
| 701 | 0 | @a张学工@4编著 |
| 801 | @aCN@bTSTC@c20011014 | |
| 905 | @b315601-605@dO235@e19=2@f5 | |
| 模式识别/边肇祺,张学工编著.-2版.-北京:清华大学出版社,1999.12 |
| 338页;16开.-(信息技术丛书) |
| ISBN 7-302-01059-5:CNY25.00 |
| ● |
| 相关链接 |
|
|
|
|
正题名:模式识别
索取号:O235/19=2
 
预约/预借
| 序号 | 登录号 | 条形码 | 馆藏地/架位号 | 状态 | 备注 |
| 1 | 0315601 | 203156011 | 第三借阅区/ [索取号:O235/19=2] | 在馆 | |
| 2 | 0315602 | 203156020 | 第三借阅区/ [索取号:O235/19=2] | 在馆 | |
| 3 | 0315603 | 203156039 | 第三借阅区/ [索取号:O235/19=2] | 在馆 | |
| 4 | 0315604 | 203156048 | 第三借阅区/ [索取号:O235/19=2] | 在馆 | |
| 5 | 0315605 | 203156057 | 第三借阅区/ [索取号:O235/19=2] | 在馆 |